00738nam a2200169 a 450000100100000000500170001000800410002704000250006804100080009308200150010124501290011626000530024530000210029895201190031995201130043899900170055100002790520200930031206.0110405s1938 dr r 000 0 spa d aDO-SdBNPbspacBNPHU17aeng axxxxbxxxx00aReport of the trirty-first fiscal period :bDominican customs receivership under the American-Dominican conventions of 1924. aWashington :bGovernment Printing Office,c1938. a129 p. ;c23 cm. 0010718PDaPDbPDcCTd2011-04-05iLF1l0oxxxx xxxxp27905-10r2020-06-25te. 2w2020-06-25yLFPDZNo se presta 0010718PDaPDbPDcCTd2011-04-05iLF1l0oxxxx xxxxp27905-20r2020-06-25w2020-06-25yLFPDZNo se presta c27397d27397